000 00719cam a22002295a 4500
001 L143068
008 080407s2008 xxk f 000 0 eng d
020 _a9781405872942
035 _a(Sirsi) u143068
041 0 _aeng
050 0 4 _a346.41066 $2 18
100 1 _aMacIntyre, Ewan
245 0 0 _aBusiness law
260 _aHarlow
_bPearson Education
_c2008
300 _alv, 858p.
_c25cm.
520 _aAn introduction to business law, brought up to date to take account of the Companies Act 2006. Includes multiple choice questions and learning aids to test comprehension.
521 _aIntroductory
590 _aKA
651 4 _aUnited Kingdom
_y
690 _aMANAGEMENT-BUSINESS MANAGEMENT
942 _n0
999 _c108052
_d108052